000 00335nam a22001457a 4500
003 OSt
008 240410b |||||||| |||| 00| 0 eng d
020 _a9798888839430
100 _aMISHRA,Kashinath
245 _aBhavishya Malika Puran
250 _a1st Ed
260 _aIndia
_bNotion Press
_c2023
300 _a101
942 _2ddc
_cBK
999 _c12427
_d12427